[Event "Novosibirsk-ch Seniors"]
[Site "Novosibirsk"]
[Date "2008.02.03"]
[Round "1"]
[White "Bychkov, Leonid Fedorovich"]
[Black "Slyadnev, Anatoly"]
[Result "0-1"]
[WhiteElo "1875"]
[BlackElo "1720"]
[PlyCount "72"]
[EventDate "2008.02.03"]
[EventType "swiss"]
[EventRounds "9"]
[EventCountry "RUS"]
[SourceTitle "EXT 2010"]
[Source "ChessBase"]
[SourceDate "2010.11.25"]
[SourceVersion "1"]
[SourceVersionDate "2010.11.25"]
[SourceQuality "1"]

1. d4 Nf6 2. Nf3 d6 3. c4 Bf5 4. Nc3 g6 5. g3 Bg7 6. Bg2 c6 7. 0-0 Nbd7 8. Re1 Nb6 9. e4 Bg4 10. Qb3 h5 11. e5 dxe5 12. dxe5 Nh7 13. Be3 Qc7 14. Bf4 Be6 15. Re4 Nd7 16. Nd4 Nc5 17. Nxe6 fxe6 18. Qc2 Nxe4 19. Bxe4 0-0-0 20. Bxg6 Nf8 21. Re1 Nd7 22. Bf7 Bxe5 23. Bxe5 Nxe5 24. Bxe6+ Kb8 25. Qe4 Ng4 26. Bxg4 hxg4 27. Qxg4 e5 28. Re4 Rdf8 29. c5 Qf7 30. Re2 Qh7 31. h4 Rfg8 32. Qe4 Qh6 33. Qxe5+ Ka8 34. Kh2 Qg6 35. Qe4 Qh5 36. Qe5 Qxh4+ 0-1